[Event "2016 Banff Open"]
[Site "Banff"]
[Date "2016.11.11"]
[Round "1.1"]
[White "Zhao, Ian"]
[Black "Sasata, Robert"]
[Result "0-1"]
[WhiteElo "1717"]
[BlackElo "2341"]
[PlyCount "148"]
[EventDate "2016.11.11"]
[EventType "swiss"]
[EventRounds "6"]
[EventCountry "CAN"]

1. e4 e5 2. Nf3 Nc6 3. Bc4 Nf6 4. d3 Bc5 5. O-O d6 6. c3 a6 7. Bb3 Ba7 8. h3
O-O 9. Nbd2 Ne7 10. Re1 Ng6 11. Nf1 h6 12. Ng3 Re8 13. d4 b5 14. Bc2 c5 15.
dxe5 dxe5 16. Qxd8 Rxd8 17. Be3 Be6 18. b3 Bb6 19. a4 Ba5 20. axb5 axb5 21.
Bxc5 Bxc3 22. Rxa8 Rxa8 23. Re3 b4 24. Ne2 Rc8 25. Ba7 Bb2 26. Ne1 Nd7 27. Rd3
Kf8 28. Be3 Ke7 29. Bd2 Ba3 30. Be3 Nc5 31. Bxc5+ Rxc5 32. Rd2 f6 33. f3 Nf8
34. Kf2 Bd7 35. Bd3 Be6 36. Bc2 g5 37. g4 Ng6 38. Kg2 Rc8 39. Nd3 h5 40. Kf2 h4
41. Kg2 Nf8 42. Bd1 Rd8 43. Kf2 Bc8 44. Ke3 Ne6 45. Bc2 Ba6 46. Bb1 Rd6 47. Bc2
Rc6 48. Bd1 Bb5 49. Bc2 Nf4 50. Ndxf4 gxf4+ 51. Kf2 Bb2 52. Bd1 Bc3 53. Rd5 Ba6
54. Bc2 Bxe2 55. Kxe2 Bd4 56. Kd2 Rc3 57. Bd1 Re3 58. Ra5 Bc3+ 59. Kc2 Kf7 60.
Ra7+ Kg6 61. Rc7 Re1 62. g5 fxg5 63. Rc6+ Kh5 64. Rxc3 bxc3 65. b4 g4 66. fxg4+
Kg5 67. b5 Rxe4 68. Kxc3 f3 69. Kd2 Rd4+ 70. Ke1 e4 71. Bc2 e3 72. b6 Rb4 73.
Bd1 Rb1 74. b7 e2 0-1

[Event "2016 Banff Open"]
[Site "Banff"]
[Date "2016.11.11"]
[Round "1.2"]
[White "Findlay, Ian"]
[Black "Pfeffer, Gerald"]
[Result "1-0"]
[WhiteElo "2319"]
[BlackElo "1712"]
[PlyCount "141"]
[EventDate "2016.11.11"]
[EventType "swiss"]
[EventRounds "6"]
[EventCountry "CAN"]

1. e4 e5 2. Nf3 Nc6 3. Bb5 a6 4. Ba4 Nf6 5. O-O b5 6. Bb3 Be7 7. Re1 O-O 8. c3
d6 9. h3 Na5 10. Bc2 c5 11. d4 Qc7 12. Nbd2 Bb7 13. d5 Rab8 14. b3 Bc8 15. Nf1
Nb7 16. g4 Ne8 17. Ng3 g6 18. Bh6 Ng7 19. Nh2 Nd8 20. f4 exf4 21. Bxf4 f6 22.
Nf3 Nf7 23. Qd2 Qd8 24. Re2 Ne5 25. Rf1 Bd7 26. Kh2 a5 27. a3 Qc7 28. Ref2 Rbe8
29. Kg2 Qb8 30. Nh2 Rc8 31. Ra1 a4 32. Nhf1 axb3 33. Bxb3 c4 34. Bc2 Rf7 35.
Be3 Rcf8 36. Bh6 Qc8 37. Ne3 Bd8 38. a4 bxa4 39. Bxa4 Bxa4 40. Rxa4 Bb6 41. Rf1
Qc5 42. Bf4 Nd3 43. Nxc4 Nxf4+ 44. Qxf4 Bc7 45. Qf2 Qb5 46. Rb4 Qa6 47. Qd4 Qc8
48. Rb2 f5 49. gxf5 gxf5 50. e5 dxe5 51. Nxe5 Bxe5 52. Qxe5 f4 53. Ne4 Rf5 54.
Qd4 Qe8 55. Rf3 Re5 56. Re2 Nf5 57. Nf6+ Rxf6 58. Qxe5 Qxe5 59. Rxe5 Nh4+ 60.
Kf2 Nxf3 61. Kxf3 Rh6 62. Kxf4 Rxh3 63. Re3 Rh1 64. Ke5 Kf7 65. Kd6 h5 66. Kc7
Ra1 67. d6 Ra7+ 68. Kb6 Rd7 69. Kc6 Rd8 70. d7 h4 71. Kc7 1-0

[Event "2016 Banff Open"]
[Site "Banff"]
[Date "2016.11.11"]
[Round "1.4"]
[White "Sequillion, Aaron"]
[Black "Wei, Daniel"]
[Result "1/2-1/2"]
[WhiteElo "2223"]
[BlackElo "1648"]
[PlyCount "68"]
[EventDate "2016.11.11"]
[EventType "swiss"]
[EventRounds "6"]
[EventCountry "CAN"]

1. e4 e5 2. f4 exf4 3. Bc4 g5 4. h4 h6 5. hxg5 Qxg5 6. Qe2 Bg7 7. Nc3 Ne7 8. d3
O-O 9. Bd2 d6 10. O-O-O c6 11. Nh3 Bxh3 12. gxh3 Nd7 13. Rdf1 Ng6 14. h4 Qe7
15. Bb3 Nc5 16. h5 f3 17. Rxf3 Ne5 18. Rg3 Kh8 19. Rhg1 Rg8 20. d4 Nxb3+ 21.
axb3 Nd7 22. Qg2 Qf8 23. Qh3 Qe7 24. Qg2 Qf8 25. Qf2 Qe7 26. Be3 Nf6 27. Qd2
Kh7 28. Qd3 Kh8 29. e5 dxe5 30. dxe5 Qxe5 31. Bd4 Qf4+ 32. Be3 Qe5 33. Bd4 Qf4+
34. Be3 Qe5 1/2-1/2

[Event "2016 Banff Open"]
[Site "Banff"]
[Date "2016.11.11"]
[Round "1.5"]
[White "Robertson, Trevor"]
[Black "Malek, Omid"]
[Result "1/2-1/2"]
[WhiteElo "1645"]
[BlackElo "2177"]
[PlyCount "120"]
[EventDate "2016.11.11"]
[EventType "swiss"]
[EventRounds "6"]
[EventCountry "CAN"]

1. d4 Nf6 2. c4 e6 3. Nf3 Bb4+ 4. Bd2 c5 5. Bxb4 cxb4 6. Nbd2 O-O 7. e3 d5 8.
Bd3 Nc6 9. O-O dxc4 10. Nxc4 Kh8 11. Nce5 Ne7 12. Qe2 b6 13. Ng5 Kg8 14. Ne4
Ned5 15. Nxf6+ Qxf6 16. Be4 a5 17. Qc2 Qh6 18. Rfc1 Rb8 19. Qb3 Nf6 20. Bf3 Bb7
21. Rc7 Bxf3 22. Nxf3 Nd5 23. Rc6 Rfd8 24. Rac1 b5 25. a4 bxa3 26. Qxa3 a4 27.
Qc5 g6 28. Rd6 Rxd6 29. Qxd6 Qf8 30. Qxf8+ Rxf8 31. Ne5 f5 32. Nd7 Rd8 33. Nc5
Kf7 34. Nb7 Rb8 35. Nc5 Rc8 36. Kf1 Nb6 37. Ke2 Nc4 38. b3 axb3 39. Nxb3 Ra8
40. Ra1 Rxa1 41. Nxa1 Ke7 42. Kd3 Kd6 43. f3 Nb2+ 44. Kc3 Nc4 45. Nc2 Kc6 46.
e4 Kb6 47. exf5 exf5 48. Kb4 Kc6 49. Kc3 Kd6 50. g4 f4 51. Nb4 Ne3 52. Nd3 Nd5+
53. Kb3 g5 54. Nf2 Nf6 55. Kc3 Nd5+ 56. Kb3 Nf6 57. h3 h6 58. Kc3 Nd5+ 59. Kb3
Nf6 60. Kc3 Nd5+ 1/2-1/2

[Event "2016 Banff Open"]
[Site "Banff"]
[Date "2016.11.11"]
[Round "1.6"]
[White "Kostadinov, Georgi"]
[Black "Culver, Charles"]
[Result "1-0"]
[WhiteElo "2096"]
[BlackElo "1632"]
[PlyCount "65"]
[EventDate "2016.11.11"]
[EventType "swiss"]
[EventRounds "6"]
[EventCountry "CAN"]

1. d4 d5 2. c4 Nf6 3. cxd5 Qxd5 4. Nc3 Qa5 5. e3 c6 6. Nf3 Bg4 7. Be2 e6 8. O-O
Bd6 9. e4 e5 10. dxe5 Bxe5 11. Nxe5 Bxe2 12. Qxe2 Qxe5 13. f3 Nbd7 14. Be3 O-O
15. Rad1 Rfd8 16. Rd2 Nb6 17. Rfd1 Rxd2 18. Rxd2 Nfd7 19. f4 Qe7 20. b3 Rd8 21.
Qd1 Re8 22. Bd4 f6 23. a4 Nc5 24. a5 Nbd7 25. Re2 Qd6 26. g3 a6 27. Kg2 Kf8 28.
b4 Qc7 29. bxc5 Qxa5 30. e5 Nxc5 31. exf6 g6 32. Rxe8+ Kxe8 33. Qe2+ 1-0

[Event "2016 Banff Open"]
[Site "Banff"]
[Date "2016.11.11"]
[Round "1.8"]
[White "Daniluk, Jim"]
[Black "Papneja, Arul"]
[Result "0-1"]
[WhiteElo "2048"]
[BlackElo "1316"]
[PlyCount "78"]
[EventDate "2016.11.11"]
[EventType "swiss"]
[EventRounds "6"]
[EventCountry "CAN"]

1. d4 d5 2. Nf3 Nf6 3. c4 dxc4 4. Nc3 a6 5. a4 Bg4 6. e3 e6 7. Bxc4 Nc6 8. O-O
Bd6 9. h3 Bh5 10. g3 O-O 11. Be2 Qe7 12. Nd2 Bxe2 13. Qxe2 e5 14. d5 Nb4 15. e4
c6 16. dxc6 Nxc6 17. Nf3 Nd4 18. Qd1 Nxf3+ 19. Qxf3 h6 20. g4 Nh7 21. Qg3 Ng5
22. h4 Ne6 23. Nd5 Qd8 24. g5 hxg5 25. hxg5 Nf4 26. Nxf4 exf4 27. Bxf4 Bxf4 28.
Qxf4 Qb6 29. Ra3 f6 30. g6 f5 31. exf5 Qxg6+ 32. Rg3 Qxf5 33. Qh4 Qf4 34. Rg4
Qf6 35. Qh5 Rae8 36. Rh4 Re5 37. Qh7+ Kf7 38. f4 Qb6+ 39. Kh1 Qc6+ 0-1

[Event "2016 Banff Open"]
[Site "Banff"]
[Date "2016.11.11"]
[Round "2.1"]
[White "Sasata, Robert"]
[Black "Goodman, Kevin"]
[Result "1-0"]
[WhiteElo "2341"]
[BlackElo "2005"]
[PlyCount "51"]
[EventDate "2016.11.11"]
[EventType "swiss"]
[EventRounds "6"]
[EventCountry "CAN"]

1. d4 Nf6 2. c4 g6 3. f3 d5 4. cxd5 Nxd5 5. e4 Nb6 6. Nc3 Bg7 7. Be3 O-O 8. Qd2
e5 9. d5 c6 10. h4 cxd5 11. exd5 f5 12. h5 f4 13. Bc5 Re8 14. hxg6 hxg6 15. d6
Bf5 16. Nd5 Nxd5 17. Qxd5+ Be6 18. Qxb7 Nd7 19. Ba3 e4 20. fxe4 Qg5 21. Nf3
Qg3+ 22. Kd1 Rac8 23. Rc1 Ne5 24. Rxc8 Bxc8 25. Nxe5 Be6 26. Nf3 1-0

[Event "2016 Banff Open"]
[Site "Banff"]
[Date "2016.11.11"]
[Round "2.2"]
[White "Dave, Bhavik"]
[Black "Findlay, Ian"]
[Result "0-1"]
[WhiteElo "1929"]
[BlackElo "2319"]
[PlyCount "46"]
[EventDate "2016.11.11"]
[EventType "swiss"]
[EventRounds "6"]
[EventCountry "CAN"]

1. d4 Nf6 2. c4 c5 3. d5 e6 4. Nc3 exd5 5. cxd5 d6 6. Nf3 g6 7. Bf4 a6 8. a4
Bg7 9. e3 O-O 10. h3 Re8 11. Be2 Ne4 12. Nxe4 Rxe4 13. Rb1 Qa5+ 14. Nd2 Rxa4
15. Bxd6 Nd7 16. Bc7 Qb4 17. Qb3 Qxb3 18. Nxb3 Rb4 19. Bd1 b6 20. Kd2 Bb7 21.
e4 Rc8 22. Bg3 c4 23. Na1 c3+ 0-1

[Event "2016 Banff Open"]
[Site "Banff"]
[Date "2016.11.11"]
[Round "2.3"]
[White "Haessel, Dale"]
[Black "Kobalenko, Jerry"]
[Result "0-1"]
[WhiteElo "2264"]
[BlackElo "1927"]
[PlyCount "62"]
[EventDate "2016.11.11"]
[EventType "swiss"]
[EventRounds "6"]
[EventCountry "CAN"]

1. d4 Nf6 2. c4 g6 3. Nc3 Bg7 4. e4 d6 5. Be2 O-O 6. Be3 e5 7. d5 Ne8 8. g4 f5
9. gxf5 gxf5 10. Nf3 f4 11. Bd2 Kh8 12. Qc2 a5 13. O-O-O Na6 14. Rdg1 Nc5 15.
h4 Bd7 16. h5 Bh6 17. Nh2 Nf6 18. Ng4 Nxg4 19. Bxg4 Bxg4 20. Rxg4 Rg8 21. Rxg8+
Qxg8 22. Nb5 Qg2 23. Re1 Qxf2 24. Nxc7 Rc8 25. Nb5 f3 26. Kd1 Qxd2+ 27. Qxd2
Bxd2 28. Kxd2 f2 29. Rf1 Nxe4+ 30. Kd3 Rxc4 31. Rxf2 Rb4 0-1

[Event "2016 Banff Open"]
[Site "Banff"]
[Date "2016.11.11"]
[Round "2.4"]
[White "Kostadinov, Georgi"]
[Black "Wang, Jeff"]
[Result "1/2-1/2"]
[WhiteElo "2096"]
[BlackElo "1886"]
[PlyCount "43"]
[EventDate "2016.11.11"]
[EventType "swiss"]
[EventRounds "6"]
[EventCountry "CAN"]

1. e4 c5 2. Nf3 d6 3. d4 cxd4 4. Nxd4 Nf6 5. Nc3 a6 6. Bg5 Nbd7 7. Qe2 Qc7 8.
f4 e6 9. g4 h6 10. Bxf6 Nxf6 11. Bg2 g5 12. f5 e5 13. Nf3 b5 14. Nd5 Nxd5 15.
exd5 Bg7 16. O-O-O O-O 17. Nd2 b4 18. Ne4 f6 19. h4 gxh4 20. Rxh4 Bd7 21. Rdh1
Be8 22. Qd2 1/2-1/2

[Event "2016 Banff Open"]
[Site "Banff"]
[Date "2016.11.11"]
[Round "2.5"]
[White "Tran-Ly, Tristan"]
[Black "Day, Jonathan"]
[Result "1/2-1/2"]
[WhiteElo "2054"]
[BlackElo "1786"]
[PlyCount "102"]
[EventDate "2016.11.11"]
[EventType "swiss"]
[EventRounds "6"]
[EventCountry "CAN"]

1. c4 Nf6 2. Nc3 g6 3. e4 d6 4. d4 Bg7 5. Nf3 Nbd7 6. Be2 c6 7. O-O Qb6 8. Rb1
O-O 9. h3 Re8 10. Be3 Qc7 11. b4 b6 12. Nd2 e5 13. d5 c5 14. b5 h6 15. Nb3 g5
16. a4 Nf8 17. Ra1 Ng6 18. a5 Bd7 19. Qd3 Nf4 20. Bxf4 exf4 21. axb6 axb6 22.
Ra6 Rab8 23. Nd2 Bc8 24. Ra3 Nd7 25. Nf3 Qd8 26. Nh2 Ne5 27. Qd1 Qf6 28. Ng4
Qg6 29. Nxe5 Bxe5 30. Bf3 Qf6 31. Nb1 Bd7 32. Ra7 Qd8 33. Bg4 Re7 34. Rxd7 Rxd7
35. Bxd7 Qxd7 36. Qh5 Kg7 37. Nd2 Ra8 38. Nf3 Qe7 39. h4 f6 40. Qg4 Bc3 41.
hxg5 hxg5 42. Nh4 Kg8 43. Nf5 Qe5 44. Qh5 Ra7 45. Qg6+ Kf8 46. Qh6+ Kg8 47.
Qg6+ Kf8 48. Nh6 Rg7 49. Qf5 Qxf5 50. Nxf5 Rd7 51. Rc1 Be5 1/2-1/2

[Event "2016 Banff Open"]
[Site "Banff"]
[Date "2016.11.11"]
[Round "2.6"]
[White "Robertson, Trevor"]
[Black "Sequillion, Aaron"]
[Result "0-1"]
[WhiteElo "1645"]
[BlackElo "2223"]
[PlyCount "104"]
[EventDate "2016.11.11"]
[EventType "swiss"]
[EventRounds "6"]
[EventCountry "CAN"]

1. c4 Nf6 2. Nf3 g6 3. Nc3 Bg7 4. b3 O-O 5. Bb2 d6 6. Nd5 e5 7. Nxf6+ Qxf6 8.
e3 Qe7 9. Be2 Nd7 10. d4 e4 11. Nd2 f5 12. O-O Rf7 13. Qc2 c6 14. Rae1 Nf8 15.
f3 d5 16. cxd5 cxd5 17. fxe4 fxe4 18. Rxf7 Kxf7 19. Rf1+ Kg8 20. Rf2 Bh6 21.
Nf1 Ne6 22. Bg4 Nxd4 23. Bxd4 Bxg4 24. Ng3 Rc8 25. Qd2 a6 26. h3 Be6 27. Ne2
Qc7 28. Nf4 Qc1+ 29. Qxc1 Rxc1+ 30. Kh2 Bf7 31. g4 Rd1 32. Be5 Bg7 33. Bxg7
Kxg7 34. Rc2 g5 35. Ng2 Ra1 36. h4 h6 37. hxg5 hxg5 38. Rc7 b5 39. Rc2 Kf8 40.
Kg3 Ke8 41. Kf2 Kd7 42. Kg3 Be6 43. Rf2 b4 44. Rc2 Rf1 45. Rd2 Rf3+ 46. Kh2 Kd6
47. Ne1 Rxe3 48. Nc2 Rd3 49. Rg2 a5 50. a3 bxa3 51. Nxa3 Rxb3 52. Nc2 Ke5 0-1

[Event "2016 Banff Open"]
[Site "Banff"]
[Date "2016.11.11"]
[Round "2.7"]
[White "Malek, Omid"]
[Black "Wei, Daniel"]
[Result "1-0"]
[WhiteElo "2177"]
[BlackElo "1648"]
[PlyCount "61"]
[EventDate "2016.11.11"]
[EventType "swiss"]
[EventRounds "6"]
[EventCountry "CAN"]

1. d4 d5 2. Bf4 Nf6 3. e3 c6 4. c4 e6 5. Nc3 Nbd7 6. h3 Be7 7. Nf3 O-O 8. Bd3
dxc4 9. Bxc4 b6 10. O-O Bb7 11. Qe2 Re8 12. Rfd1 Bf8 13. Rac1 Rc8 14. a3 a5 15.
e4 h6 16. Bh2 c5 17. e5 Nd5 18. Ne4 cxd4 19. Nxd4 Qh4 20. Nd6 Bxd6 21. exd6 Qg5
22. Nf3 Nf4 23. Nxg5 Nxe2+ 24. Bxe2 hxg5 25. Rc7 Bc6 26. Rc1 Rxc7 27. dxc7 Bb7
28. Bb5 Bc8 29. Rd1 Re7 30. Bd6 Re8 31. a4 1-0

[Event "2016 Banff Open"]
[Site "Banff"]
[Date "2016.11.12"]
[Round "3.1"]
[White "Kobalenko, Jerry"]
[Black "Sasata, Robert"]
[Result "1-0"]
[WhiteElo "1927"]
[BlackElo "2341"]
[PlyCount "91"]
[EventDate "2016.11.11"]
[EventType "swiss"]
[EventRounds "6"]
[EventCountry "CAN"]

1. Nf3 Nf6 2. g3 c5 3. Bg2 Nc6 4. d4 e6 5. O-O d5 6. b3 cxd4 7. Nxd4 Bc5 8. Bb2
Qb6 9. e3 Bd7 10. a3 Rc8 11. Nxc6 Bxc6 12. Nd2 Be7 13. Bd4 Qc7 14. c4 O-O 15.
Qe2 dxc4 16. Bxc6 Qxc6 17. Nxc4 Qb5 18. Rfb1 b6 19. a4 Qb4 20. Qb2 Rfd8 21. f3
h5 22. Kf2 Ne8 23. Bc3 Qc5 24. Bd4 Qf5 25. Rd1 Bf6 26. e4 Bxd4+ 27. Qxd4 Rxd4
28. exf5 Rxd1 29. Rxd1 exf5 30. Rd7 Rc7 31. Rxc7 Nxc7 32. Nd6 Ne6 33. Nc8 a5
34. Nxb6 Nc5 35. Ke3 Nxb3 36. Kd3 f4 37. gxf4 Kf8 38. Kc3 Nc5 39. Kc4 Nb7 40.
Kb5 Ke7 41. Nc4 Ke6 42. Kb6 Nd8 43. Nxa5 Kf5 44. Nc6 Ne6 45. a5 Nxf4 46. a6 1-0

[Event "2016 Banff Open"]
[Site "Banff"]
[Date "2016.11.12"]
[Round "3.2"]
[White "Findlay, Ian"]
[Black "Giovannetti, Mark"]
[Result "1-0"]
[WhiteElo "2319"]
[BlackElo "2014"]
[PlyCount "51"]
[EventDate "2016.11.11"]
[EventType "swiss"]
[EventRounds "6"]
[EventCountry "CAN"]

1. e4 c5 2. Nf3 Nc6 3. d4 cxd4 4. Nxd4 g6 5. c4 Bg7 6. Be3 Nf6 7. Nc3 Ng4 8.
Qxg4 Nxd4 9. Qd1 Ne6 10. Rc1 b6 11. Be2 O-O 12. O-O Ba6 13. Qd2 d6 14. Nd5 Rb8
15. b3 Nc5 16. f3 b5 17. b4 e6 18. bxc5 exd5 19. cxd5 Bc8 20. cxd6 a6 21. Bf4
Qb6+ 22. Kh1 Bd7 23. Rc7 Rfd8 24. e5 Rbc8 25. Rfc1 Bf8 26. Be3 1-0

[Event "2016 Banff Open"]
[Site "Banff"]
[Date "2016.11.12"]
[Round "3.3"]
[White "Sequillion, Aaron"]
[Black "Tran-Ly, Tristan"]
[Result "1-0"]
[WhiteElo "2223"]
[BlackElo "2054"]
[PlyCount "117"]
[EventDate "2016.11.11"]
[EventType "swiss"]
[EventRounds "6"]
[EventCountry "CAN"]

1. e4 e5 2. Nc3 Nf6 3. f4 d5 4. fxe5 Nxe4 5. d3 Qh4+ 6. g3 Nxg3 7. Nf3 Qh5 8.
Bg2 Nxh1 9. Nxd5 Na6 10. Nf4 Qh6 11. Qe2 Bg4 12. Be3 Bxf3 13. Bxf3 Qh4+ 14. Kd2
c6 15. Rxh1 Bc5 16. Nh5 O-O-O 17. Nxg7 Bxe3+ 18. Qxe3 Rhg8 19. Nf5 Qg5 20. Nd6+
Rxd6 21. exd6 Qxe3+ 22. Kxe3 Kd7 23. Be4 Nc5 24. Bxh7 Rh8 25. Bf5+ Kxd6 26. h4
Ke5 27. Bg4 Ne6 28. Bxe6 Kxe6 29. Kf4 Kf6 30. h5 Kg7 31. Kg5 Rh6 32. Re1 Rf6
33. Re7 Rf2 34. Rxb7 Rg2+ 35. Kf5 Rxc2 36. h6+ Kxh6 37. Rxf7 Rf2+ 38. Ke6 Rxb2
39. Rxa7 Rd2 40. Ra3 Kg7 41. Kd6 Rc2 42. Ra4 Rc3 43. d4 Kf6 44. Rb4 Ra3 45.
Kxc6 Rxa2 46. d5 Ke5 47. Rb5 Ra6+ 48. Kc5 Rd6 49. Kc4 Rd8 50. Rc5 Rd7 51. Rc8
Ke4 52. Re8+ Kf5 53. Kc5 Rc7+ 54. Kb6 Rc1 55. d6 Rd1 56. Kc7 Rc1+ 57. Kd8 Rd1
58. d7 Kf6 59. Kc8 1-0

[Event "2016 Banff Open"]
[Site "Banff"]
[Date "2016.11.12"]
[Round "3.4"]
[White "Wang, Jeff"]
[Black "Malek, Omid"]
[Result "0-1"]
[WhiteElo "1886"]
[BlackElo "2177"]
[PlyCount "98"]
[EventDate "2016.11.11"]
[EventType "swiss"]
[EventRounds "6"]
[EventCountry "CAN"]

1. e4 e6 2. d4 d5 3. Nd2 Nc6 4. Ngf3 Nf6 5. e5 Nd7 6. c3 f6 7. Bb5 a6 8. Bxc6
bxc6 9. O-O fxe5 10. Nxe5 Nxe5 11. dxe5 c5 12. b4 Bd7 13. Qg4 Qe7 14. Nb3 cxb4
15. Bg5 Qf7 16. cxb4 Qg6 17. Qh4 h6 18. Be3 Be7 19. Qf4 Rf8 20. Qd4 Kf7 21.
Rac1 Rfc8 22. Na5 Bb5 23. Rfd1 Kg8 24. Nc6 Qe8 25. Qg4 Bf8 26. Na7 h5 27. Qf4
Be7 28. Nxc8 Rxc8 29. Bc5 Bd8 30. Rc3 Be2 31. Re1 Bg4 32. f3 Bf5 33. g4 Qg6 34.
h3 h4 35. Kh1 Bd3 36. Qf8+ Kh7 37. Be7 Bxe7 38. Qxe7 d4 39. Qxh4+ Kg8 40. Rxc7
Rxc7 41. Qd8+ Kh7 42. Qxc7 Qh6 43. Qc1 Qxh3+ 44. Kg1 Qg3+ 45. Kh1 Qf2 46. Qd1
Bc4 47. Re4 Bf1 48. Re2 Bxe2 49. Qc2+ d3 0-1

[Event "2016 Banff Open"]
[Site "Banff"]
[Date "2016.11.12"]
[Round "3.5"]
[White "Kostadinov, Georgi"]
[Black "Day, Jonathan"]
[Result "1-0"]
[WhiteElo "2096"]
[BlackElo "1786"]
[PlyCount "87"]
[EventDate "2016.11.11"]
[EventType "swiss"]
[EventRounds "6"]
[EventCountry "CAN"]

1. d4 Nf6 2. c4 g6 3. Nc3 Bg7 4. e4 d6 5. Nf3 Nbd7 6. Be2 O-O 7. O-O b6 8. b4
c5 9. Rb1 Bb7 10. d5 Qc7 11. b5 Ng4 12. Qc2 Bc8 13. h3 Ngf6 14. Bg5 h6 15. Be3
Re8 16. Rbd1 Nf8 17. Nh2 e5 18. dxe6 Bxe6 19. Qd2 N6d7 20. Bxh6 Bxh6 21. Qxh6
Ne5 22. Nd5 Bxd5 23. Rxd5 Ne6 24. f4 Nd7 25. Ng4 Nd4 26. Bd3 Re6 27. Qg5 Qd8
28. Qxd8+ Rxd8 29. f5 gxf5 30. exf5 Rf6 31. Rf4 Kf8 32. Nxf6 Nxf6 33. Rdxd4
cxd4 34. Rxd4 Ke7 35. g4 Nd7 36. Re4+ Ne5 37. g5 Kf8 38. Be2 Rc8 39. Kg2 Rc5
40. Kg3 a6 41. a4 axb5 42. axb5 Nd7 43. Kf4 Ne5 44. h4 1-0

[Event "2016 Banff Open"]
[Site "Banff"]
[Date "2016.11.12"]
[Round "3.6"]
[White "Zhao, Ian"]
[Black "Haessel, Dale"]
[Result "0-1"]
[WhiteElo "1717"]
[BlackElo "2264"]
[PlyCount "80"]
[EventDate "2016.11.11"]
[EventType "swiss"]
[EventRounds "6"]
[EventCountry "CAN"]

1. e4 e5 2. Nf3 Nc6 3. Bc4 Bc5 4. c3 Nf6 5. d3 d6 6. O-O O-O 7. h3 a6 8. Bb3
Ba7 9. Nbd2 Ne7 10. Re1 Ng6 11. Nf1 Re8 12. Ng3 h6 13. d4 c6 14. Bc2 Be6 15.
Nf5 exd4 16. N3xd4 d5 17. exd5 Bxd5 18. Rxe8+ Qxe8 19. Be3 c5 20. Nb3 Qc6 21.
Qf1 Re8 22. Rd1 Bb8 23. Nxc5 Qc7 24. g3 Ba7 25. Nd3 Bxe3 26. fxe3 Be4 27. Ne1
Bxf5 28. Bxf5 Qxg3+ 29. Ng2 Nh4 30. Qf2 Qxf2+ 31. Kxf2 Nxf5 32. Rd3 Ne4+ 33.
Ke2 g5 34. Rd7 Re7 35. Rd5 Ned6 36. c4 Nxe3 37. Nxe3 Nxc4 38. Rd3 Rxe3+ 39.
Rxe3 Nxe3 40. Kxe3 f5 0-1

[Event "2016 Banff Open"]
[Site "Banff"]
[Date "2016.11.12"]
[Round "3.7"]
[White "Daniluk, Jim"]
[Black "Pfeffer, Gerald"]
[Result "1-0"]
[WhiteElo "2048"]
[BlackElo "1712"]
[PlyCount "47"]
[EventDate "2016.11.11"]
[EventType "swiss"]
[EventRounds "6"]
[EventCountry "CAN"]

1. d4 Nf6 2. Nf3 d5 3. c4 e6 4. g3 Be7 5. Bg2 O-O 6. O-O Nbd7 7. Qc2 dxc4 8.
Qxc4 c5 9. Rd1 Qb6 10. Nc3 cxd4 11. Nxd4 Ne5 12. Qb5 Qc7 13. Bf4 Bd6 14. Rac1
Bd7 15. Qxb7 Qxb7 16. Bxb7 Rab8 17. Ndb5 Bxb5 18. Nxb5 Nd3 19. Bxd6 Rxb7 20.
Rxd3 Rxb5 21. Bxf8 Kxf8 22. Rc8+ Ke7 23. Rc7+ Ke8 24. Rb3 1-0

[Event "2016 Banff Open"]
[Site "Banff"]
[Date "2016.11.12"]
[Round "3.10"]
[White "Papneja, Arul"]
[Black "Koperski, Dustin"]
[Result "1/2-1/2"]
[WhiteElo "1316"]
[BlackElo "1716"]
[PlyCount "61"]
[EventDate "2016.11.11"]
[EventType "swiss"]
[EventRounds "6"]
[EventCountry "CAN"]

1. e4 c5 2. Nf3 g6 3. d4 cxd4 4. Nxd4 Nc6 5. Nxc6 bxc6 6. Qd4 Nf6 7. e5 Nd5 8.
e6 Nf6 9. exf7+ Kxf7 10. Bc4+ d5 11. Bb3 Bg7 12. O-O Re8 13. Qc5 Qb6 14. Qxb6
axb6 15. c4 e6 16. Re1 Ba6 17. Nd2 b5 18. cxb5 Bxb5 19. Nf3 Ne4 20. Bc2 Nc5 21.
Ng5+ Kf8 22. Nxh7+ Kg8 23. Ng5 Bd3 24. Bxd3 Nxd3 25. Re3 Nxc1 26. Rxc1 Rxa2 27.
h4 Rxb2 28. Rxc6 Bd4 29. Rexe6 Rxe6 30. Rxe6 Bxf2+ 31. Kf1 1/2-1/2

[Event "2016 Banff Open"]
[Site "Banff"]
[Date "2016.11.12"]
[Round "4.1"]
[White "Kobalenko, Jerry"]
[Black "Findlay, Ian"]
[Result "1-0"]
[WhiteElo "1927"]
[BlackElo "2319"]
[PlyCount "131"]
[EventDate "2016.11.11"]
[EventType "swiss"]
[EventRounds "6"]
[EventCountry "CAN"]

1. Nf3 Nf6 2. g3 d5 3. Bg2 e6 4. O-O Be7 5. b3 O-O 6. Bb2 c5 7. d4 Nc6 8. Nbd2
b6 9. c4 Bb7 10. e3 Rc8 11. Ne5 cxd4 12. exd4 dxc4 13. Ndxc4 b5 14. Nxc6 Bxc6
15. Bxc6 bxc4 16. Bf3 c3 17. Bc1 Nd5 18. a3 a5 19. Qc2 Qb6 20. Rd1 Rfd8 21. Rd3
Bf6 22. Be3 Nxe3 23. fxe3 e5 24. d5 e4 25. Bxe4 Re8 26. Bf5 Rxe3 27. Qf2 Rxd3
28. Qxb6 Bd4+ 29. Qxd4 Rxd4 30. Bxc8 c2 31. Bg4 Rxg4 32. Rc1 Kf8 33. Rxc2 Rd4
34. Rc5 a4 35. bxa4 Rxa4 36. d6 Ke8 37. Re5+ Kd7 38. Re7+ Kxd6 39. Rxf7 g5 40.
Rf3 Ke5 41. Rb3 h5 42. h3 Rc4 43. Re3+ Kf5 44. Kf2 h4 45. g4+ Kf4 46. Rf3+ Ke4
47. Kg2 Ra4 48. Rb3 Ke5 49. Kf2 Kf6 50. Ke2 Kg6 51. Kd2 Ra8 52. Kc3 Rc8+ 53.
Kb2 Ra8 54. Rb4 Ra7 55. a4 Ra8 56. Ka3 Ra7 57. Rb5 Re7 58. a5 Re3+ 59. Rb3 Re5
60. Ka4 Re4+ 61. Rb4 Re3 62. a6 Re1 63. Ka5 Ra1+ 64. Kb6 Re1 65. a7 Re8 66. Ra4
1-0

[Event "2016 Banff Open"]
[Site "Banff"]
[Date "2016.11.12"]
[Round "4.2"]
[White "Malek, Omid"]
[Black "Sequillion, Aaron"]
[Result "1-0"]
[WhiteElo "2177"]
[BlackElo "2223"]
[PlyCount "75"]
[EventDate "2016.11.11"]
[EventType "swiss"]
[EventRounds "6"]
[EventCountry "CAN"]

1. d4 g6 2. e4 Bg7 3. Nc3 e5 4. dxe5 Bxe5 5. Nf3 Bxc3+ 6. bxc3 Qe7 7. Bg5 Qxe4+
8. Be2 Nc6 9. O-O Kf8 10. Rb1 f6 11. Be3 Nge7 12. c4 Nf5 13. Bc1 d6 14. Nd2 Qe7
15. Bf3 Nfd4 16. Re1 Nxf3+ 17. Nxf3 Ne5 18. Nxe5 dxe5 19. f4 e4 20. Qd4 c5 21.
Qd5 Bf5 22. Ba3 Rd8 23. Bxc5 Rxd5 24. Bxe7+ Kxe7 25. cxd5 b6 26. c4 Kd6 27.
Rbc1 Rc8 28. Re3 b5 29. g4 Bxg4 30. Rxe4 bxc4 31. Rexc4 Rb8 32. Rd4 Bd7 33. Rd2
Rb4 34. Rf1 Bf5 35. Rf3 Be4 36. Ra3 Rb7 37. Ra6+ Ke7 38. Re6+ 1-0

[Event "2016 Banff Open"]
[Site "Banff"]
[Date "2016.11.12"]
[Round "4.3"]
[White "Sasata, Robert"]
[Black "Kostadinov, Georgi"]
[Result "1-0"]
[WhiteElo "2341"]
[BlackElo "2096"]
[PlyCount "75"]
[EventDate "2016.11.11"]
[EventType "swiss"]
[EventRounds "6"]
[EventCountry "CAN"]

1. d4 d5 2. c4 c6 3. Nc3 Nf6 4. Nf3 a6 5. c5 Bf5 6. Qb3 Ra7 7. Bf4 Nbd7 8. e3
h6 9. h3 e6 10. Be2 Be7 11. O-O O-O 12. Rfd1 Re8 13. Rac1 Nf8 14. Bh2 g5 15.
Qa4 N6d7 16. b4 Ra8 17. Qb3 Bf6 18. a4 Qc8 19. b5 axb5 20. axb5 e5 21. dxe5
Nxc5 22. Qb2 Be7 23. Nd4 Bd7 24. Bf3 Ng6 25. e4 Nh4 26. exd5 Nxf3+ 27. gxf3
cxd5 28. Nxd5 Qd8 29. Rxc5 Bxc5 30. Nf6+ Kf8 31. Nc2 Be6 32. Rxd8 Rexd8 33. Ne4
Rd1+ 34. Kg2 Ra2 35. Qc3 Bb6 36. Ne3 Rb1 37. Nc5 Bc8 38. e6 1-0

[Event "2016 Banff Open"]
[Site "Banff"]
[Date "2016.11.12"]
[Round "4.4"]
[White "Haessel, Dale"]
[Black "Goodman, Kevin"]
[Result "1-0"]
[WhiteElo "2264"]
[BlackElo "2005"]
[PlyCount "41"]
[EventDate "2016.11.11"]
[EventType "swiss"]
[EventRounds "6"]
[EventCountry "CAN"]

1. d4 Nf6 2. c4 g6 3. Nc3 d5 4. cxd5 Nxd5 5. e4 Nxc3 6. bxc3 Bg7 7. Qa4+ Qd7 8.
Qb3 O-O 9. Be3 c5 10. d5 b6 11. Rd1 Ba6 12. c4 Rc8 13. Nf3 b5 14. Rc1 bxc4 15.
Bxc4 Bxc4 16. Rxc4 Na6 17. O-O Rab8 18. Qa4 Qb7 19. Rfc1 Nb4 20. Rb1 Qa6 21.
Rbxb4 1-0